Schauspieler, die mit Sam Raimi zusammengearbeitet haben - Statistiken

Allgemein
  • Dieses Quiz wurde 12 mal gespielt
  • Das Durchschnittsergebnis liegt bei 9 aus 54
Antwortstatistiken
Film Schauspieler/in % Korrekt
Spider-Man, Spider-Man 2, Spider-Man 3 Kirsten Dunst
90%
Spider-Man, Spider-Man 2, Spider-Man 3 Tobey Maguire
80%
Spider-Man, Spider-Man 2, Spider-Man 3 Willem Dafoe
60%
Doctor Strange in the Multiverse of Madness Benedict Cumberbatch
50%
Tanz der Teufel, Tanz der Teufel II – Jetzt wird noch mehr getanzt, Darkman, Armee der Finsternis, Spider-Man, Spider-Man 2, Spider-Man 3, Doctor Strange in the Multiverse of Madness Bruce Campbell
50%
Spider-Man, Spider-Man 2, Spider-Man 3, Die fantastische Welt von Oz James Franco
50%
Schneller als der Tod Gene Hackman
40%
Schneller als der Tod Sharon Stone
40%
Schneller als der Tod Leonardo DiCaprio
30%
Schneller als der Tod Russell Crowe
30%
Ein einfacher Plan Billy Bob Thornton
20%
The Gift – Die dunkle Gabe Cate Blanchett
20%
Doctor Strange in the Multiverse of Madness Elizabeth Olsen
20%
Aus Liebe zum Spiel Kevin Costner
20%
Darkman Liam Neeson
20%
Tanz der Teufel II – Jetzt wird noch mehr getanzt, Darkman, Armee der Finsternis, Spider-Man, Spider-Man 2, Spider-Man 3, Drag Me to Hell, Die fantastische Welt von Oz Ted Raimi
20%
Spider-Man 3 Thomas Haden Church
20%
Spider-Man 2 Alfred Molina
10%
Ein einfacher Plan Bill Paxton
10%
Aus Liebe zum Spiel Brian Cox
10%
Armee der Finsternis, Ein einfacher Plan Bridget Fonda
10%
Spider-Man 3 Bryce Dallas Howard
10%
Armee der Finsternis Embeth Davidtz
10%
Darkman Frances McDormand
10%
Schneller als der Tod Gary Sinise
10%
The Gift – Die dunkle Gabe Giovanni Ribisi
10%
The Gift – Die dunkle Gabe Hilary Swank
10%
Aus Liebe zum Spiel, The Gift – Die dunkle Gabe, Spider-Man, Spider-Man 2, Spider-Man 3 J. K. Simmons
10%
Aus Liebe zum Spiel John C. Reilly
10%
The Gift – Die dunkle Gabe Katie Holmes
10%
The Gift – Die dunkle Gabe Keanu Reeves
10%
Aus Liebe zum Spiel Kelly Preston
10%
Schneller als der Tod Lance Henriksen
10%
The Gift – Die dunkle Gabe Michael Jeter
10%
Die fantastische Welt von Oz Michelle Williams
10%
Schneller als der Tod Pat Hingle
10%
Doctor Strange in the Multiverse of Madness Patrick Stewart
10%
Doctor Strange in the Multiverse of Madness Rachel McAdams
10%
Die fantastische Welt von Oz Rachel Weisz
10%
The Gift – Die dunkle Gabe, Spider-Man, Spider-Man 2, Spider-Man 3 Rosemary Harris
10%
Schneller als der Tod Tobin Bell
10%
Doctor Strange in the Multiverse of Madness Benedict Wong
0%
Doctor Strange in the Multiverse of Madness Chiwetel Ejiofor
0%
Spider-Man, Spider-Man 2, Spider-Man 3 Elizabeth Banks
0%
Doctor Strange in the Multiverse of Madness Hayley Atwell
0%
Armee der Finsternis Ian Abercrombie
0%
Spider-Man 3 James Cromwell
0%
Drag Me to Hell Justin Long
0%
Doctor Strange in the Multiverse of Madness Lashana Lynch
0%
Die fantastische Welt von Oz Mila Kunis
0%
Spider-Man 2 Phil LaMarr
0%
Spider-Man 3 Topher Grace
0%
Doctor Strange in the Multiverse of Madness Xochitl Gomez
0%
Die fantastische Welt von Oz Zach Braff
0%
Keine übereinstimmenden Quizze gefunden
Verteilung der Resultate
Anzahl Personen mit jedem Resultat
Perzentil nach korrekt beantworteten Fragen
Ihre Resultats-Entwicklung
Sie haben dieses Quiz noch nicht gespielt